[Event "BCF-chT3W 2223 (4NCL)"]
[Site "England"]
[Date "2023.04.29"]
[Round "9.21"]
[White "Pitcher, John"]
[Black "Mazek, Marek"]
[Result "1/2-1/2"]
[WhiteElo "2321"]
[BlackElo "2017"]
[PlyCount "39"]
[EventDate "2022.10.22"]
[EventType "team-tourn"]
[EventRounds "11"]
[EventCountry "ENG"]
[SourceTitle "EXT 2024"]
[Source "ChessBase"]
[SourceDate "2023.10.10"]
[SourceVersion "1"]
[SourceVersionDate "2023.10.10"]
[SourceQuality "1"]
[WhiteTeam "Warwicks Select"]
[BlackTeam "Manchester Manticores"]
[WhiteTeamCountry "ENG"]
[BlackTeamCountry "ENG"]

1. e4 c5 2. Nf3 d6 3. Bc4 e5 4. d3 Be7 5. Nc3 Nf6 6. Nd2 Nfd7 7. Nf1 Nc6 8. a3 Nb6 9. Ba2 0-0 10. Ne3 Bg5 11. Ncd5 Nxd5 12. Nxd5 Bxc1 13. Qxc1 Be6 14. 0-0 Ne7 15. Nxe7+ Qxe7 16. f4 Bxa2 17. Rxa2 f5 18. fxe5 Qxe5 19. exf5 Rxf5 20. Rxf5 1/2-1/2

[Event "BCF-ch rapidplay 34th"]
[Site "Bingley"]
[Date "2023.04.16"]
[Round "10"]
[White "Sivanandan, Bodhana"]
[Black "Mazek, Marek"]
[Result "0-1"]
[WhiteElo "1746"]
[BlackElo "2017"]
[PlyCount "178"]
[EventDate "2023.04.15"]
[EventType "swiss (rapid)"]
[EventRounds "11"]
[EventCountry "ENG"]
[SourceTitle "CBM 213 Extra"]
[Source "ChessBase"]
[SourceDate "2023.05.31"]
[SourceVersion "1"]
[SourceVersionDate "2023.05.31"]
[SourceQuality "1"]

1. e4 c5 2. Nc3 d6 3. f4 Nc6 4. Nf3 g6 5. a4 Bg7 6. Bb5 Bd7 7. d3 e6 8. 0-0 Nge7 9. Qe1 0-0 10. Bc4 Nd4 11. Nxd4 cxd4 12. Ne2 e5 13. Qg3 Be6 14. Bxe6 fxe6 15. Bd2 Qd7 16. fxe5 Bxe5 17. Qh3 Nc6 18. c3 Rae8 19. Bh6 Rxf1+ 20. Rxf1 Bg7 21. Bxg7 Qxg7 22. Qg3 dxc3 23. bxc3 Qe7 24. Nf4 Rf8 25. d4 e5 26. Nd5 Rxf1+ 27. Kxf1 Qf8+ 28. Qf2 Qxf2+ 29. Kxf2 exd4 30. cxd4 Nxd4 31. Ne7+ Kf7 32. Nc8 Ke6 33. Nxa7 Nb3 34. Ke3 Nc5 35. a5 Nb3 36. Nc8 Nxa5 37. Nb6 Nc6 38. g3 Ne5 39. h3 Nd7 40. Nd5 Nf6 41. Nf4+ Kd7 42. Kd4 Kc6 43. g4 g5 44. Ne6 h6 45. Nd8+ Kc7 46. Nf7 Ng8 47. e5 dxe5+ 48. Nxe5 Ne7 49. Nf7 Ng8 50. Kd5 Kd7 51. Ne5+ Kc7 52. Nf7 b6 53. Ne5 Nf6+ 54. Ke6 Ne4 55. Nf7 Nf2 56. Nxh6 Nxh3 57. Kd5 Kd7 58. Nf7 Nf4+ 59. Ke5 Nh3 60. Kd5 Kc7 61. Ne5 Kb7 62. Kc4 Ka6 63. Kb4 Nf4 64. Nf7 Ne6 65. Ne5 b5 66. Nd7 Nd4 67. Nc5+ Kb6 68. Nd7+ Kc6 69. Ne5+ Kb6 70. Nd7+ Ka6 71. Nc5+ Kb6 72. Nd7+ Kc7 73. Ne5 Nc6+ 74. Nxc6 Kxc6 75. Kb3 Kc5 76. Kc3 Kd5 77. Kb4 Ke4 78. Kxb5 Kf4 79. Kc4 Kxg4 80. Kd3 Kf3 81. Kd2 Kf2 82. Kd3 g4 83. Ke4 g3 84. Kf5 g2 85. Kg4 g1Q+ 86. Kh5 Qg7 87. Kh4 Kf3 88. Kh5 Kf4 89. Kh4 Qg4# 0-1

[Event "BCF-chT3W 2223 (4NCL)"]
[Site "England"]
[Date "2022.10.23"]
[Round "2.62"]
[White "Mazek, Marek"]
[Black "Pugh, Glyn D"]
[Result "1-0"]
[WhiteElo "2017"]
[BlackElo "1927"]
[PlyCount "43"]
[EventDate "2022.10.22"]
[EventType "team-tourn"]
[EventRounds "11"]
[EventCountry "ENG"]
[SourceTitle "EXT 2024"]
[Source "ChessBase"]
[SourceDate "2023.10.10"]
[SourceVersion "1"]
[SourceVersionDate "2023.10.10"]
[SourceQuality "1"]
[WhiteTeam "Manchester Manticores"]
[BlackTeam "Shropshire and Friends"]
[WhiteTeamCountry "ENG"]
[BlackTeamCountry "ENG"]

1. b3 d5 2. Bb2 c5 3. e3 Nc6 4. Nf3 e6 5. d4 Nf6 6. Nbd2 a6 7. c4 Be7 8. Be2 0-0 9. 0-0 b6 10. a3 Bb7 11. Qc2 Rc8 12. Rad1 Qc7 13. Qb1 Ne4 14. dxc5 Nxd2 15. Rxd2 dxc4 16. cxb6 Qxb6 17. bxc4 Na5 18. Rd7 Nxc4 19. Bxc4 Bxf3 20. Bd3 Bxg2 21. Bxh7+ Kh8 22. Bxg7+ 1-0

[Event "BCF-chT2b 1920 (4NCL)"]
[Site "Daventry"]
[Date "2020.02.29"]
[Round "1.85"]
[White "Gilfillan, Andrew"]
[Black "Mazek, Marek"]
[Result "1-0"]
[WhiteElo "2002"]
[BlackElo "2027"]
[PlyCount "110"]
[EventDate "2020.01.11"]
[EventType "team-tourn"]
[EventRounds "11"]
[EventCountry "ENG"]
[SourceTitle "CBM 195 Extra"]
[Source "ChessBase"]
[SourceDate "2020.05.31"]
[SourceVersion "1"]
[SourceVersionDate "2020.05.31"]
[SourceQuality "1"]
[WhiteTeam "Kings Head"]
[BlackTeam "Manchester Manticores"]
[WhiteTeamCountry "ENG"]
[BlackTeamCountry "ENG"]

1. e4 c5 2. Nf3 d6 3. d4 cxd4 4. Nxd4 a6 5. Nc3 Nf6 6. Be3 e5 7. Nb3 Be7 8. f3 Be6 9. Qd2 h5 10. 0-0-0 Nbd7 11. Kb1 Rc8 12. Rg1 b5 13. g3 Nb6 14. f4 b4 15. Bxb6 Qxb6 16. Nd5 Bxd5 17. exd5 e4 18. Qd4 Qc7 19. Bxa6 Rb8 20. h3 0-0 21. g4 hxg4 22. hxg4 g5 23. fxg5 Nd7 24. Rh1 Ne5 25. Rh5 Qd7 26. Qxe4 f5 27. gxf6 Bxf6 28. g5 Bg7 29. Qh7+ Kf7 30. Rhh1 Ke8 31. Qh5+ Kd8 32. Nd4 Qa4 33. Qe2 Ra8 34. Qb5 Qxa6 35. Qxa6 Rxa6 36. Ne6+ Ke7 37. Rh7 Rf7 38. Rxg7 Rxg7 39. Nxg7 Kf7 40. Ne6 Ra5 41. Rf1+ Kg8 42. Rd1 Kf7 43. b3 Kg6 44. Rf1 Ng4 45. Rf4 Ne5 46. Rxb4 Nf3 47. c4 Kf5 48. a4 Ra8 49. Rb6 Ke4 50. g6 Rh8 51. g7 Rh1+ 52. Kb2 Ne5 53. g8Q Nd3+ 54. Kc3 Nf2 55. Qg2+ Ke3 1-0

[Event "Leyland op"]
[Site "Leyland"]
[Date "2019.08.26"]
[Round "6"]
[White "Mazek, Marek"]
[Black "Bimpson, Tom"]
[Result "1/2-1/2"]
[WhiteElo "2037"]
[BlackElo "1937"]
[PlyCount "86"]
[EventDate "2019.08.24"]
[EventType "swiss"]
[EventRounds "6"]
[EventCountry "ENG"]
[SourceTitle "EXT 2020"]
[Source "ChessBase"]
[SourceDate "2019.10.17"]
[SourceVersion "1"]
[SourceVersionDate "2019.10.17"]
[SourceQuality "1"]

1. e4 d6 2. d4 Nf6 3. Nc3 e5 4. Nge2 exd4 5. Nxd4 Be7 6. f3 0-0 7. Be3 a6 8. Nb3 Nc6 9. Be2 Be6 10. Qd2 d5 11. exd5 Nxd5 12. Nxd5 Qxd5 13. Qxd5 Bxd5 14. 0-0-0 Bxb3 15. axb3 Bd6 16. Bd2 Rfe8 17. Bd3 Ne5 18. Be4 Rab8 19. Rde1 Nd7 20. c3 Nc5 21. Bc2 a5 22. f4 b5 23. g3 f5 24. h4 g6 25. h5 Rxe1+ 26. Bxe1 b4 27. cxb4 axb4 28. h6 Kf7 29. Rh2 Re8 30. Bxb4 Nd3+ 31. Bxd3 Bxb4 32. Bc4+ Kf6 33. Kc2 Re7 34. Kd3 Rd7+ 35. Kc2 Re7 36. Rg2 g5 37. g4 fxg4 38. Rxg4 gxf4 39. Bd3 Bd6 40. Rg8 f3 41. Rf8+ Rf7 42. Rxf7+ Kxf7 43. Bxh7 Bf4 1/2-1/2

[Event "Leyland op"]
[Site "Leyland"]
[Date "2019.08.26"]
[Round "5"]
[White "Vassiliou, Chris"]
[Black "Mazek, Marek"]
[Result "1/2-1/2"]
[WhiteElo "1903"]
[BlackElo "2037"]
[PlyCount "75"]
[EventDate "2019.08.24"]
[EventType "swiss"]
[EventRounds "6"]
[EventCountry "ENG"]
[SourceTitle "EXT 2020"]
[Source "ChessBase"]
[SourceDate "2019.10.17"]
[SourceVersion "1"]
[SourceVersionDate "2019.10.17"]
[SourceQuality "1"]

1. d4 Nf6 2. c4 c5 3. d5 b5 4. cxb5 a6 5. f3 d6 6. e4 g6 7. a4 Bg7 8. Na3 0-0 9. Ne2 axb5 10. axb5 e6 11. Nc3 exd5 12. exd5 Nh5 13. g3 Re8+ 14. Kf2 Qe7 15. Nc2 Rxa1 16. Nxa1 Nd7 17. Nc2 Ne5 18. Be2 f5 19. f4 Ng4+ 20. Bxg4 fxg4 21. Re1 Qf8 22. Rxe8 Qxe8 23. Qe2 Qf8 24. Kg2 Nf6 25. Na3 Qf7 26. Kf1 Bb7 27. Nc4 Nxd5 28. Nxd6 Nxc3 29. bxc3 Qd5 30. Qe8+ Bf8 31. Nxb7 Qh1+ 32. Ke2 Qxb7 33. Be3 Qf3+ 34. Kd2 Qd5+ 35. Ke2 Qc4+ 36. Kd2 Qd5+ 37. Ke2 Qc4+ 38. Kd2 1/2-1/2

[Event "BCF-chT2a 1819 (4NCL)"]
[Site "England"]
[Date "2019.01.13"]
[Round "4.23"]
[White "Mazek, Marek"]
[Black "Swindells, Jonathan"]
[Result "0-1"]
[WhiteElo "2110"]
[BlackElo "2282"]
[PlyCount "138"]
[EventDate "2018.11.10"]
[EventType "team-tourn"]
[EventRounds "11"]
[EventCountry "ENG"]
[SourceTitle "EXT 2021"]
[Source "ChessBase"]
[SourceDate "2020.10.23"]
[SourceVersion "1"]
[SourceVersionDate "2020.10.23"]
[SourceQuality "1"]
[WhiteTeam "Manchester Manticores"]
[BlackTeam "The ADS"]
[WhiteTeamCountry "ENG"]
[BlackTeamCountry "ENG"]

1. d4 Nf6 2. c4 g6 3. g3 Bg7 4. Bg2 0-0 5. Nc3 c5 6. d5 d6 7. h3 e6 8. e4 exd5 9. exd5 Nbd7 10. Nge2 Ne5 11. b3 Bf5 12. 0-0 h5 13. f3 Nh7 14. g4 hxg4 15. fxg4 Bd3 16. Bf4 Qe7 17. Qd2 Bxe2 18. Qxe2 Rae8 19. Rae1 a6 20. Ne4 f5 21. gxf5 gxf5 22. Ng3 Qh4 23. Qh5 Qxh5 24. Nxh5 b5 25. Nxg7 Kxg7 26. cxb5 axb5 27. a4 bxa4 28. bxa4 Kf6 29. a5 Ra8 30. Bd2 Rg8 31. Kh2 Ng5 32. h4 Ngf7 33. Be4 Nh6 34. Kh3 Kg6 35. Bc2 Rgb8 36. Bc3 Re8 37. Rg1+ Kf7 38. Rg5 Nf3 39. Rg7+ Kf8 40. Rxe8+ Rxe8 41. Rg3 Re2 42. Bg7+ Kf7 43. Rxf3 Kxg7 44. Ba4 Ra2 45. Rf4 Ng4 46. Kg3 Ra3+ 47. Kg2 Ne3+ 48. Kf2 Nxd5 49. Rxf5 Nb4 50. Rg5+ Kf6 51. Be8 Rxa5 52. Rg8 Nd3+ 53. Ke3 Ne5 54. h5 Ra3+ 55. Kd2 Rh3 56. Bg6 Nxg6 57. Rxg6+ Ke5 58. Rh6 c4 59. Kc2 d5 60. Rh8 Kd4 61. h6 Rh2+ 62. Kb1 Kc3 63. Rd8 d4 64. Rd6 d3 65. Rg6 Rh1+ 66. Ka2 d2 67. Rg3+ Kc2 68. h7 Rxh7 69. Ra3 Kc1 0-1

[Event "BCF-chT2 1718 (4NCL) Promotion pool"]
[Site "England"]
[Date "2018.05.07"]
[Round "11.24"]
[White "Longson, Sarah N"]
[Black "Mazek, Marek"]
[Result "1-0"]
[WhiteElo "2192"]
[BlackElo "2110"]
[PlyCount "65"]
[EventDate "2017.11.11"]
[EventType "team-tourn"]
[EventRounds "11"]
[EventCountry "ENG"]
[SourceTitle "EXT 2020"]
[Source "ChessBase"]
[SourceDate "2019.10.17"]
[SourceVersion "1"]
[SourceVersionDate "2019.10.17"]
[SourceQuality "1"]
[WhiteTeam "Wood Green Monarchs"]
[BlackTeam "Manchester Manticores"]
[WhiteTeamCountry "ENG"]
[BlackTeamCountry "ENG"]

1. e4 c5 2. Nf3 d6 3. d4 cxd4 4. Nxd4 Nf6 5. Nc3 a6 6. h3 e6 7. g4 h6 8. Bg2 g5 9. Be3 Be7 10. Qd2 Qc7 11. 0-0 h5 12. gxh5 Rxh5 13. Bxg5 Bd7 14. Nf5 exf5 15. exf5 Bc6 16. Bxf6 Bxf6 17. Qe2+ Be5 18. Qxh5 Bxg2 19. Kxg2 Nd7 20. Qh4 Bxc3 21. bxc3 Qc6+ 22. f3 Rc8 23. Rae1+ Ne5 24. Qe4 Kd7 25. Qxc6+ Rxc6 26. f4 Nc4 27. f6 d5 28. Re7+ Kd8 29. Rb1 b5 30. Rxf7 Ne3+ 31. Kf2 Rxc3 32. Rg1 Ke8 33. Re7+ 1-0

[Event "BCF-chT2 1718 (4NCL) Promotion pool"]
[Site "England"]
[Date "2018.03.18"]
[Round "8.33"]
[White "Maciol, Ryszard"]
[Black "Mazek, Marek"]
[Result "1-0"]
[WhiteElo "2161"]
[BlackElo "2110"]
[PlyCount "163"]
[EventDate "2017.11.11"]
[EventType "team-tourn"]
[EventRounds "11"]
[EventCountry "ENG"]
[SourceTitle "EXT 2020"]
[Source "ChessBase"]
[SourceDate "2019.10.17"]
[SourceVersion "1"]
[SourceVersionDate "2019.10.17"]
[SourceQuality "1"]
[WhiteTeam "Celtic Tigers"]
[BlackTeam "Manchester Manticores"]
[WhiteTeamCountry "ENG"]
[BlackTeamCountry "ENG"]

1. d4 d5 2. c4 c6 3. cxd5 cxd5 4. Nc3 Nf6 5. Bf4 a6 6. e3 Nc6 7. Bd3 Bg4 8. f3 Bc8 9. Nge2 e6 10. Bg5 Be7 11. 0-0 0-0 12. Rc1 Bd7 13. Bh4 b5 14. Nf4 h6 15. Bf2 Qb8 16. Nfe2 Rc8 17. Ng3 Na5 18. e4 Nc4 19. Qe2 b4 20. Nb1 Bb5 21. b3 Na3 22. Nxa3 Bxd3 23. Qxd3 bxa3 24. Rxc8+ Qxc8 25. Ne2 Qb7 26. e5 Ne8 27. Rc1 Rc8 28. Be3 Rc6 29. Kf2 Nc7 30. f4 Nb5 31. f5 exf5 32. Qxf5 Rxc1 33. Bxc1 Qc6 34. Bd2 Bd8 35. Qd3 Bb6 36. Be3 Ba5 37. g3 Qc8 38. Kg2 Qc6 39. g4 f6 40. Qg6 Qe6 41. exf6 Qf7 42. Qxg7+ Qxg7 43. fxg7 Kxg7 44. Bf4 Bc3 45. Be5+ Kf7 46. Kf3 Bb2 47. Ke3 Na7 48. Bd6 Nc6 49. Kd3 Kg6 50. h4 Kf7 51. Bc5 Na5 52. Kc2 Nc6 53. b4 Nd8 54. Kd3 Ne6 55. Bd6 Ke8 56. Be5 Kd7 57. Nf4 Bxd4 58. Bxd4 Nxf4+ 59. Kc2 h5 60. gxh5 Nxh5 61. Kb3 Ke6 62. Kxa3 Kf5 63. Ka4 Ke4 64. Bb2 Kd3 65. Ka5 Kc4 66. a3 Nf4 67. Kxa6 Kb3 68. Bc1 Nd3 69. h5 Nxc1 70. h6 d4 71. h7 d3 72. h8Q d2 73. Qd4 Kc2 74. Qc4+ Kb2 75. Qf1 Kc2 76. b5 Nb3 77. b6 Nc5+ 78. Kb5 Nb7 79. Qc4+ Kb2 80. Qd3 Kc1 81. Qc3+ Kd1 82. Ka6 1-0

[Event "BCF-chT2b 1718 (4NCL)"]
[Site "England"]
[Date "2018.03.17"]
[Round "7.63"]
[White "Talsma, Paul"]
[Black "Mazek, Marek"]
[Result "0-1"]
[WhiteElo "2192"]
[BlackElo "2110"]
[PlyCount "72"]
[EventDate "2017.11.11"]
[EventType "team-tourn"]
[EventRounds "7"]
[EventCountry "ENG"]
[SourceTitle "EXT 2020"]
[Source "ChessBase"]
[SourceDate "2019.10.17"]
[SourceVersion "1"]
[SourceVersionDate "2019.10.17"]
[SourceQuality "1"]
[WhiteTeam "Anglian Avengers"]
[BlackTeam "Manchester Manticores"]
[WhiteTeamCountry "ENG"]
[BlackTeamCountry "ENG"]

1. d4 d5 2. c4 c6 3. e3 Nf6 4. Nc3 e6 5. Nf3 a6 6. Bd3 dxc4 7. Bxc4 b5 8. Bd3 c5 9. a4 cxd4 10. exd4 b4 11. Ne4 Nbd7 12. 0-0 Bb7 13. Qe2 Be7 14. Bd2 Nxe4 15. Bxe4 Bxe4 16. Qxe4 0-0 17. Rfc1 Nf6 18. Qb7 Nd5 19. Ne5 Qb8 20. Qxb8 Rfxb8 21. Nc6 Rb7 22. Rc4 a5 23. b3 Bd6 24. Rac1 h6 25. g3 Nb6 26. R4c2 Nd5 27. Kg2 Rc7 28. Kf3 Kf8 29. Ke4 Ke8 30. Kd3 f6 31. h3 Kd7 32. Rc4 Rb7 33. Ke4 Rc7 34. Kd3 g5 35. Ke4 Nb6 36. R4c2 Rac8 0-1

[Event "BCF-chT2b 1718 (4NCL)"]
[Site "England"]
[Date "2018.02.11"]
[Round "6.86"]
[White "Mazek, Marek"]
[Black "Gregory, Andrew M"]
[Result "1-0"]
[WhiteElo "2110"]
[BlackElo "1998"]
[PlyCount "91"]
[EventDate "2017.11.11"]
[EventType "team-tourn"]
[EventRounds "7"]
[EventCountry "ENG"]
[SourceTitle "EXT 2020"]
[Source "ChessBase"]
[SourceDate "2019.10.17"]
[SourceVersion "1"]
[SourceVersionDate "2019.10.17"]
[SourceQuality "1"]
[WhiteTeam "Manchester Manticores"]
[BlackTeam "West is Best II"]
[WhiteTeamCountry "ENG"]
[BlackTeamCountry "WLS"]

1. d4 d5 2. c4 e6 3. Nc3 Nf6 4. cxd5 exd5 5. Qc2 Be7 6. Bg5 c6 7. e3 Ne4 8. Bxe7 Qxe7 9. Bd3 f5 10. Nf3 0-0 11. 0-0 Be6 12. Ne5 Nd7 13. f4 Nxc3 14. bxc3 Nxe5 15. fxe5 g6 16. a4 Qg5 17. Rf4 Qe7 18. a5 b5 19. Qb2 a6 20. Raf1 c5 21. Qf2 c4 22. Bc2 Rf7 23. g4 Raf8 24. gxf5 Bxf5 25. Bxf5 Rxf5 26. Qg2 Qg5 27. Qg3 Qxg3+ 28. hxg3 Rxf4 29. gxf4 Rf5 30. Kg2 h5 31. Kf3 g5 32. Rg1 g4+ 33. Kg3 Kg7 34. e4 dxe4 35. Re1 Rf8 36. d5 Kg6 37. Rxe4 Kf5 38. Re1 h4+ 39. Kxh4 Rh8+ 40. Kg3 Rh3+ 41. Kf2 Kxf4 42. e6 Rxc3 43. Re2 Rf3+ 44. Ke1 g3 45. e7 g2 46. Rxg2 1-0

[Event "BCF-chT3N 1617 (4NCL)"]
[Site "England"]
[Date "2017.02.11"]
[Round "5.82"]
[White "Mazek, Marek"]
[Black "Doran, Chris"]
[Result "0-1"]
[WhiteElo "2110"]
[BlackElo "1977"]
[PlyCount "120"]
[EventDate "2016.11.26"]
[EventType "team-swiss"]
[EventRounds "11"]
[EventCountry "ENG"]
[SourceTitle "EXT 2019"]
[Source "ChessBase"]
[SourceDate "2018.10.10"]
[SourceVersion "1"]
[SourceVersionDate "2018.10.10"]
[SourceQuality "1"]
[WhiteTeam "Manchester Manticores II"]
[BlackTeam "Holmes Chapel"]
[WhiteTeamCountry "ENG"]
[BlackTeamCountry "ENG"]

1. e4 c5 2. Nf3 d6 3. d4 cxd4 4. Nxd4 Nf6 5. Nc3 g6 6. Bc4 Bg7 7. f3 0-0 8. Be3 Nc6 9. Qd2 Bd7 10. 0-0-0 Rc8 11. h4 Nxd4 12. Qxd4 Ng4 13. Bxf7+ Rxf7 14. Qxa7 Nxe3 15. Qxe3 Qa5 16. Rd5 Rc5 17. Rxc5 Qxc5 18. Qxc5 dxc5 19. Nd5 Bc6 20. c4 e6 21. Ne3 Rd7 22. Kc2 h5 23. Re1 Be5 24. g4 Kf7 25. gxh5 gxh5 26. Ng2 Rd4 27. b3 Bc7 28. Re2 b5 29. cxb5 Bxb5 30. Re1 Ba5 31. Rd1 Rxd1 32. Kxd1 c4 33. bxc4 Bxc4 34. a3 Bd8 35. e5 Kg6 36. f4 Be7 37. Ne3 Bb3+ 38. Kd2 Bxa3 39. Kc3 Bc1 40. f5+ exf5 41. Nxf5 Ba2 42. Ne7+ Kf7 43. Nc6 Ke6 44. Nb4 Bb1 45. Nd3 Be3 46. Kc4 Ba2+ 47. Kc3 Bd5 48. Nb4 Be4 49. Nc2 Bf4 50. Nb4 Kxe5 51. Nd3+ Kf5 52. Nc5 Bf3 53. Kd4 Kg4 54. Ne6 Bh6 55. Ke5 Kxh4 56. Nd4 Bg7+ 57. Kf4 Bg4 58. Nc6 Bh6+ 59. Ke4 Kg3 60. Ne5 h4 0-1

[Event "BCF-chT3Nc 1516 (4NCL)"]
[Site "England"]
[Date "2016.04.30"]
[Round "9.86"]
[White "Acey, Gerald"]
[Black "Mazek, Marek"]
[Result "1-0"]
[WhiteElo "2103"]
[BlackElo "2147"]
[PlyCount "117"]
[EventDate "2016.03.20"]
[EventType "team-swiss"]
[EventRounds "11"]
[EventCountry "ENG"]
[SourceTitle "EXT 2017"]
[Source "ChessBase"]
[SourceDate "2016.10.25"]
[SourceVersion "1"]
[SourceVersionDate "2016.10.25"]
[SourceQuality "1"]
[WhiteTeam "Cheddleton II"]
[BlackTeam "Manchester Manticores"]
[WhiteTeamCountry "ENG"]
[BlackTeamCountry "ENG"]

1. c4 Nf6 2. Nc3 e6 3. Nf3 Bb4 4. Qc2 0-0 5. g3 b6 6. Bg2 Bb7 7. 0-0 d5 8. cxd5 exd5 9. d4 h6 10. Bf4 Na6 11. a3 Bxc3 12. bxc3 c5 13. Ne5 Qc8 14. Rac1 Nc7 15. Qd2 Nce8 16. c4 dxc4 17. Bxb7 Qxb7 18. dxc5 b5 19. Qb2 g5 20. Bd2 Qc7 21. c6 Nd6 22. Bb4 Rfd8 23. Nxc4 Nfe4 24. Nxd6 Nxd6 25. Qf6 Kh7 26. Rfd1 Ne8 27. Qf5+ Kg8 28. Qxb5 Rac8 29. Rxd8 Qxd8 30. Qf5 Ng7 31. Qe5 Ne6 32. Bc3 Kh7 33. Bb2 Qg8 34. Qf5+ Qg6 35. Qxg6+ Kxg6 36. f3 f6 37. Kf2 Nd8 38. c7 Ne6 39. Rc6 Kf7 40. Ke3 Rxc7 41. Rxc7+ Nxc7 42. Kd4 Ke6 43. e4 f5 44. Bc1 fxe4 45. fxe4 Nb5+ 46. Kd3 a6 47. g4 Ke5 48. Ke3 Ke6 49. Bb2 Kf7 50. a4 Nc7 51. Kd4 Ne6+ 52. Kd5 h5 53. gxh5 Nf4+ 54. Kc6 Nxh5 55. Kb6 Nf4 56. Kxa6 Nd3 57. Bd4 g4 58. Kb7 Nf4 59. a5 1-0

[Event "Blackpool op 40th"]
[Site "Blackpool"]
[Date "2016.03.13"]
[Round "4"]
[White "Mazek, Marek"]
[Black "Gayson, Peter"]
[Result "1/2-1/2"]
[WhiteElo "2113"]
[BlackElo "2132"]
[PlyCount "50"]
[EventDate "2016.03.11"]
[EventType "swiss"]
[EventRounds "5"]
[EventCountry "ENG"]
[SourceTitle "CBM 171 Extra"]
[Source "ChessBase"]
[SourceDate "2016.04.26"]
[SourceVersion "1"]
[SourceVersionDate "2016.04.26"]
[SourceQuality "1"]

1. e4 c5 2. Nf3 e6 3. d4 cxd4 4. Nxd4 Nf6 5. Nc3 Nc6 6. Be3 Bb4 7. f3 d5 8. a3 Bxc3+ 9. bxc3 0-0 10. Bg5 dxe4 11. Nxc6 bxc6 12. Qxd8 Rxd8 13. Bxf6 gxf6 14. fxe4 e5 15. Bd3 f5 16. exf5 e4 17. Bc4 Bxf5 18. 0-0 Bg6 19. Rf6 Rd2 20. Bb3 e3 21. Re1 Bxc2 22. Bxc2 Rxc2 23. Rxe3 Rb8 24. Rg3+ Kf8 25. h4 Rb3 1/2-1/2

[Event "Bolton 4NCL op-A 4th"]
[Site "Bolton"]
[Date "2015.09.13"]
[Round "5.5"]
[White "Mazek, Marek"]
[Black "Surtees, Michael"]
[Result "1-0"]
[WhiteElo "2071"]
[BlackElo "2149"]
[PlyCount "76"]
[EventDate "2015.09.11"]
[EventType "swiss"]
[EventRounds "5"]
[EventCountry "ENG"]
[SourceTitle "EXT 2023"]
[Source "ChessBase"]
[SourceDate "2022.10.05"]
[SourceVersion "1"]
[SourceVersionDate "2022.10.05"]
[SourceQuality "1"]

1. e4 c6 2. d4 d5 3. exd5 cxd5 4. c4 Nf6 5. Nc3 e6 6. c5 b6 7. b4 Bd7 8. Rb1 Be7 9. Nf3 0-0 10. Bd3 a6 11. 0-0 Nc6 12. a4 a5 13. b5 Nb4 14. c6 Bc8 15. Rb3 Nxd3 16. Qxd3 Ne8 17. Re1 Nd6 18. Ba3 f6 19. Qe3 Ra7 20. h4 Nc4 21. Bxe7 Rxe7 22. Qd3 Qd6 23. Nd2 Nxd2 24. Qxd2 Rd8 25. Rd1 Kh8 26. g3 Ree8 27. Qe3 Qc7 28. Qf3 Qd6 29. h5 h6 30. Rb2 Qa3 31. Rbd2 Qb3 32. Rd3 Qb4 33. g4 Qd6 34. Qe3 Qb4 35. f4 Qc4 36. Qg3 Rf8 37. Qe1 Rf7 38. Re3 Qb4 1-0

[Event "Blackpool op 39th"]
[Site "Blackpool"]
[Date "2015.03.07"]
[Round "5"]
[White "Mazek, Marek"]
[Black "Wolstencroft, Darryl"]
[Result "1/2-1/2"]
[WhiteElo "2071"]
[BlackElo "2196"]
[PlyCount "98"]
[EventDate "2015.03.06"]
[EventType "swiss"]
[EventRounds "5"]
[EventCountry "ENG"]
[SourceTitle "CBM 165 Extra"]
[Source "ChessBase"]
[SourceDate "2015.04.21"]
[SourceVersion "1"]
[SourceVersionDate "2015.04.21"]
[SourceQuality "1"]

1. d4 f5 2. e4 fxe4 3. Nc3 Nf6 4. Bg5 e6 5. Nxe4 Be7 6. Bxf6 Bxf6 7. Nf3 0-0 8. Bd3 d5 9. Nxf6+ Qxf6 10. 0-0 c5 11. c3 Nc6 12. Re1 g6 13. dxc5 e5 14. Bc2 Be6 15. Qd2 Rad8 16. Qg5 Kg7 17. Qxf6+ Kxf6 18. b4 e4 19. Nd4 Ne5 20. Bb3 Bg4 21. h3 Bf5 22. Re3 g5 23. f3 exf3 24. Nxf3 Be4 25. Nd4 Rfe8 26. Rf1+ Kg6 27. Bc2 Nc4 28. Bxe4+ dxe4 29. Re2 e3 30. Rf3 Re4 31. g4 Rf4 32. Kg2 Rdf8 33. Nf5 R8xf5 34. gxf5+ Kxf5 35. Rfxe3 Nxe3+ 36. Rxe3 Rc4 37. Re7 Rxc3 38. Rxb7 Ra3 39. Rxh7 Rxa2+ 40. Kf3 Ra3+ 41. Ke2 Ke5 42. Kd2 Kd5 43. Rh5 Kc4 44. Rxg5 Rxh3 45. Rg4+ Kb5 46. Rd4 a5 47. bxa5 Kxc5 48. Ra4 Kb5 49. Ra1 Ka6 1/2-1/2

[Event "BCF-ch rapidplay 27th"]
[Site "Leeds"]
[Date "2013.11.24"]
[Round "10"]
[White "Mazek, Marek"]
[Black "Batchelor, Peter"]
[Result "0-1"]
[WhiteElo "2071"]
[BlackElo "2129"]
[PlyCount "41"]
[EventDate "2013.11.23"]
[EventType "swiss (rapid)"]
[EventRounds "11"]
[EventCountry "ENG"]
[SourceTitle "CBM 157 Extra"]
[Source "ChessBase"]
[SourceDate "2013.12.19"]
[SourceVersion "1"]
[SourceVersionDate "2013.12.19"]
[SourceQuality "1"]

1. d4 d5 2. Nf3 Nf6 3. c4 e6 4. Nc3 Be7 5. Bf4 0-0 6. e3 Nbd7 7. c5 c6 8. h3 b6 9. b4 a5 10. a3 Ba6 11. Bxa6 Rxa6 12. 0-0 Qa8 13. b5 cxb5 14. Nxb5 Qc6 15. Nc7 Ra7 16. cxb6 Nxb6 17. Nd2 Rxc7 18. Rc1 Qxc1 19. Qxc1 Rxc1 20. Rxc1 Rc8 21. Ra1 0-1

[Event "BCF-ch rapidplay 26th"]
[Site "Leeds"]
[Date "2012.11.25"]
[Round "8"]
[White "Mazek, Marek"]
[Black "Surtees, Michael"]
[Result "1-0"]
[WhiteElo "2071"]
[BlackElo "2109"]
[PlyCount "113"]
[EventDate "2012.11.24"]
[EventType "swiss (rapid)"]
[EventRounds "11"]
[EventCountry "ENG"]
[SourceTitle "CBM 151 Extra"]
[Source "ChessBase"]
[SourceDate "2012.12.18"]
[SourceVersion "1"]
[SourceVersionDate "2012.12.18"]
[SourceQuality "1"]

1. Nf3 c6 2. g3 f6 3. d4 e5 4. dxe5 fxe5 5. Bg2 d6 6. 0-0 Nf6 7. e4 Be7 8. h3 0-0 9. Nc3 Na6 10. Qe2 b5 11. a3 Be6 12. Rd1 Qc8 13. Kh2 Nc5 14. Qe1 Kh8 15. b4 Ncd7 16. Bb2 Nb6 17. Nd2 a5 18. Qe3 Qc7 19. Rf1 h6 20. f4 exf4 21. gxf4 Nh5 22. f5 d5+ 23. Kg1 Bg5 24. Qd4 Bf6 25. Qf2 Ng3 26. fxe6 Bxc3 27. Qxf8+ Rxf8 28. Rxf8+ Kh7 29. Bxc3 Ne2+ 30. Kf1 Nxc3 31. bxa5 Nc8 32. exd5 cxd5 33. Re1 Ne7 34. Rf7 Qc5 35. a6 Na4 36. Nb3 Qxa3 37. Kg1 Nb6 38. Kh1 Nbc8 39. Ra1 Qd6 40. Nd4 Na7 41. c3 b4 42. Rb1 bxc3 43. Rb7 Nac8 44. a7 Nxa7 45. Rxa7 Qc5 46. Raxe7 Qxd4 47. Rf1 c2 48. Rc7 Qd2 49. e7 Qe3 50. Bxd5 Qxh3+ 51. Kg1 Qg3+ 52. Bg2 Qxc7 53. e8Q c1Q 54. Be4+ g6 55. Qxg6+ Kh8 56. Qf6+ Kg8 57. Qf8# 1-0